Cuestiones astronómicas y de mecánica celeste (Record no. 32789)
[ view plain ]
| 000 -LEADER | |
|---|---|
| campo de control de longitud fija | 01017nam a2200229 i 4500 |
| 001 - NÚMERO DE CONTROL | |
| campo de control | 32789 |
| 003 - IDENTIFICADOR DE NÚMERO DE CONTROL | |
| campo de control | ES-MaACL |
| 005 - FECHA Y HORA DE LA ÚLTIMA TRANSACCIÓN | |
| campo de control | 20251015063048.0 |
| 007 - CAMPO FIJO DE DESCRIPCIÓN FÍSICA--INFORMACIÓN GENERAL | |
| campo de control de longitud fija | t| |
| 008 - DATOS DE LONGITUD FIJA--INFORMACIÓN GENERAL | |
| campo de control de longitud fija | 030131s1905 sp ||||1| spa d |
| 100 1# - ENTRADA PRINCIPAL--NOMBRE DE PERSONA | |
| Nombre de persona | Bentabol y Ureta, Horacio, |
| Fechas asociadas al nombre | 1854-1928 |
| 9 (RLIN) | 27784 |
| 245 10 - MENCIÓN DEL TÍTULO | |
| Título | Cuestiones astronómicas y de mecánica celeste |
| Resto del título | : hipótesis y teorías originales sobre estas ciencias y sus relaciones con la climatología terrestre / |
| Mención de responsabilidad, etc. | por Horacio Bentabol y Ureta. |
| 260 ## - PUBLICACIÓN, DISTRIBUCIÓN, ETC. | |
| Lugar de publicación, distribución, etc. | Madrid : |
| Nombre del editor, distribuidor, etc. | [s.n., |
| Fecha de publicación, distribución, etc. | 1905] ( |
| Fabricante | Tip. Viuda e Hijos de M. Tello) |
| 300 ## - DESCRIPCIÓN FÍSICA | |
| Extensión | 96 p. : |
| Otras características físicas | il. ; |
| Dimensiones | 28 cm. |
| 530 ## - NOTA DISPONIBLE DE FORMULARIO FÍSICO ADICIONAL | |
| Nota de formato físico adicional disponible | Disponible en formato digital. |
| 650 #4 - PUNTO DE ACCESO ADICIONAL DE MATERIA--TÉRMINO DE MATERIA | |
| Término de materia o nombre geográfico como elemento de entrada | Eclipses solares- |
| Subdivisión general | Observaciones. |
| 9 (RLIN) | 161088 |
| 852 ## - LOCALIZACIÓN | |
| Ubicación | ES-MaACL |
| Número de control de estantería | 1731-F-6 |
| itemnumber | 34011 |
| Ubicación en estantería | Depósito folletos |
| Nota libre | Revisado enlace: 06 de Abril de 2025 |
| 852 ## - LOCALIZACIÓN | |
| Ubicación | ES-MaACL |
| Número de control de estantería | T-1067-F-10 |
| Ubicación en estantería | Depósito folletos |
| Nota libre | Revisado enlace: 06 de Abril de 2025 |
| itemnumber | 34010 |
| 856 ## - LOCALIZACIÓN Y ACCESO ELECTRÓNICOS | |
| Identificador Uniforme de Recursos | <a href="http://bdh-rd.bne.es/viewer.vm?id=0000051249&page=1 ">http://bdh-rd.bne.es/viewer.vm?id=0000051249&page=1 </a> |
| Texto de enlace | Biblioteca Digital Hispánica |
| 942 ## - ELEMENTOS DE ENTRADA SECUNDARIOS (KOHA) | |
| Fuente del sistema de clasificación o colocación | Clasificación decimal universal |
| Estatus retirado | Estado de pérdida | Estado de daño | No para préstamo | Colección | Biblioteca de origen | Biblioteca actual | Ubicación en estantería | Fecha de adquisición | Fuente de adquisición | Total de préstamos | Signatura topográfica completa | Código de barras | Visto por última vez | Precio de reemplazo | Tipo de ítem Koha |
|---|---|---|---|---|---|---|---|---|---|---|---|---|---|---|---|
| Colección de folletos | Biblioteca del Ateneo de Madrid | Biblioteca del Ateneo de Madrid | Depósito folletos | 17/01/2008 | T-1067-F-10 | 1034022 | 23/02/2023 | 23/02/2023 | Folleto | ||||||
| Colección de folletos | Biblioteca del Ateneo de Madrid | Biblioteca del Ateneo de Madrid | Depósito folletos | 17/01/2008 | 1731-F-6 | 1034021 | 23/02/2023 | 23/02/2023 | Folleto |
